00313pab a2200121 454500008004000000100002100040245005500061260000900116300001200125362001200137650002100149773002100170180718b2001 xxu||||| |||| 00| 0 eng d aPalnaik, Prabhat aAlternative paradigms of economic decentralisation c2001 ap.48-59 aSep-Oct aDecentralization aSocial Scientist